000 00734cab a2200301 4500
001 ABS56960
008 090401t1997 xxu||||| |||| 00| 0 eng d
035 _a(Sirsi) u98397
041 _aeng
245 _aFocus `97: Birmingham
260 _c1997
350 _a0
490 _aEstates Gazette
_v(9720) 17 May 1997, 87-133(20)
650 _aBIRMINGHAM
650 _aDIGBETH
650 _aDISTRIBUTION
650 _aINDUSTRIAL
650 _aLAND PRICES
650 _aLEISURE CENTRES
650 _aMULTIPLEX
650 _aOFFICE DEVELOPMENT
650 _aOFFICES
650 _aPUBS
650 _aRETAIL
690 _aPROPERTY-COMMERCIAL PROPERTY-COMMERCIAL PROPERTY MARKET
942 _n0
948 _c28/05/1997
999 _c59795
_d59795